000
00320nam a2200133Ia 4500
008
191201s2009 xx 000 0 und d
082
_a
629.2
_b
GUA
100
_a
GUPTA, K M
245
0
_a
Automobile Engineering
260
_a
N.Delhi
_b
Umesh Publications
_c
2009
300
_a
607
650
_a
B.Tech(ME)
942
_2
ddc
_c
BK
999
_c
1786
_d
1786